[Event "V Open Escacs Xàtiva"]
[Site "Xàtiva, Spain"]
[Date "2019.07.19"]
[Round "7.15"]
[White "Fernandez Sanchez, Vicente"]
[Black "Gukasov, Artem"]
[Result "1/2-1/2"]
[WhiteElo "1703"]
[BlackElo "1369"]
[PlyCount "62"]
[EventDate "2019.??.??"]

1. d4 {[%clk 01:30:47]  [%emt 00:00:18]} 1... Nf6 {
[%clk 01:30:47]  [%emt 00:00:09]} 2. c4 {[%clk 01:30:50]  [%emt 00:00:28]} 2...
g6 {[%clk 01:30:48]  [%emt 00:00:34]} 3. g3 {[%clk 01:31:00]  [%emt 00:00:41]}
3... Bg7 {[%clk 01:30:57]  [%emt 00:00:03]} 4. Bg2 {
[%clk 01:31:11]  [%emt 00:00:10]} 4... d6 {[%clk 01:31:13]  [%emt 00:00:25]} 5.
Nc3 {[%clk 01:31:14]  [%emt 00:00:17]} 5... O-O {
[%clk 01:31:23]  [%emt 00:00:40]} 6. Nf3 {[%clk 01:30:42]  [%emt 00:00:44]}
6... Nbd7 {[%clk 01:30:17]  [%emt 00:01:37]} 7. O-O {
[%clk 01:30:43]  [%emt 00:00:35]} 7... e5 {[%clk 01:29:48]  [%emt 00:00:52]} 8.
Bg5 {[%clk 01:29:54]  [%emt 00:01:17]} 8... h6 {
[%clk 01:29:08]  [%emt 00:01:23]} 9. Bxf6 {[%clk 01:30:04]  [%emt 00:00:41]}
9... Bxf6 {[%clk 01:28:12]  [%emt 00:01:26]} 10. dxe5 {
[%clk 01:29:28]  [%emt 00:00:32]} 10... dxe5 {[%clk 01:26:40]  [%emt 00:02:04]}
11. Qd2 {[%clk 01:27:21]  [%emt 00:02:34]} 11... Nb6 {
[%clk 01:20:58]  [%emt 00:06:12]} 12. Qxh6 {[%clk 01:24:36]  [%emt 00:03:17]}
12... Be6 {[%clk 01:12:52]  [%emt 00:08:34]} 13. c5 {
[%clk 01:18:41]  [%emt 00:06:29]} 13... Nd7 {[%clk 01:09:27]  [%emt 00:03:53]}
14. Ne4 {[%clk 01:17:12]  [%emt 00:01:56]} 14... Bg7 {
[%clk 01:07:32]  [%emt 00:02:26]} 15. Qg5 {[%clk 01:14:20]  [%emt 00:03:21]}
15... Bf5 {[%clk 01:05:06]  [%emt 00:02:57]} 16. Qxd8 {
[%clk 01:12:46]  [%emt 00:02:08]} 16... Rfxd8 {[%clk 01:03:52]  [%emt 00:01:49]
} 17. Nfd2 {[%clk 01:09:26]  [%emt 00:03:40]} 17... Nxc5 {
[%clk 00:50:07]  [%emt 00:14:15]} 18. Nxc5 {[%clk 01:05:03]  [%emt 00:04:53]}
18... Rxd2 {[%clk 00:49:44]  [%emt 00:01:18]} 19. e4 {
[%clk 01:04:48]  [%emt 00:00:27]} 19... Bc8 {[%clk 00:41:09]  [%emt 00:09:28]}
20. Rfd1 {[%clk 01:02:52]  [%emt 00:01:55]} 20... Rd6 {
[%clk 00:39:46]  [%emt 00:02:10]} 21. Rxd6 {[%clk 00:59:31]  [%emt 00:04:01]}
21... cxd6 {[%clk 00:40:00]  [%emt 00:00:07]} 22. Na4 {
[%clk 00:58:26]  [%emt 00:01:29]} 22... Bd7 {[%clk 00:38:35]  [%emt 00:01:45]}
23. Nc3 {[%clk 00:58:06]  [%emt 00:00:50]} 23... Bc6 {
[%clk 00:38:51]  [%emt 00:00:17]} 24. Rd1 {[%clk 00:57:34]  [%emt 00:01:02]}
24... Rd8 {[%clk 00:37:22]  [%emt 00:01:57]} 25. Bf1 {
[%clk 00:57:14]  [%emt 00:00:49]} 25... a6 {[%clk 00:30:31]  [%emt 00:07:24]}
26. a4 {[%clk 00:56:28]  [%emt 00:01:14]} 26... Bf8 {
[%clk 00:28:41]  [%emt 00:02:44]} 27. Bc4 {[%clk 00:56:01]  [%emt 00:00:33]}
27... Rb8 {[%clk 00:26:46]  [%emt 00:02:27]} 28. Bd5 {
[%clk 00:54:38]  [%emt 00:02:10]} 28... a5 {[%clk 00:25:01]  [%emt 00:01:56]}
29. Rd3 {[%clk 00:53:03]  [%emt 00:02:07]} 29... Kg7 {
[%clk 00:20:21]  [%emt 00:05:15]} 30. Nd1 {[%clk 00:50:11]  [%emt 00:03:19]}
30... Bxa4 {[%clk 00:02:39]  [%emt 00:18:19]} 31. Ne3 {
[%clk 00:49:59]  [%emt 00:00:30]} 31... Bd7 {[%clk 00:01:39]  [%emt 00:01:31]}
1/2-1/2

[Event "V Open Escacs Xàtiva"]
[Site "Xàtiva, Spain"]
[Date "2019.07.19"]
[Round "7.16"]
[White "Ulla Centelles, Llorens"]
[Black "Garcia Martin, Javier Antonio"]
[Result "0-1"]
[WhiteElo "1274"]
[BlackElo "1606"]
[PlyCount "89"]
[EventDate "2019.??.??"]

1. e4 {[%clk 01:30:57]  [%emt 00:00:32]} 1... e5 {
[%clk 01:27:01]  [%emt 00:03:30]} 2. d3 {[%clk 01:30:58]  [%emt 00:00:21]} 2...
Nf6 {[%clk 01:27:23]  [%emt 00:00:22]} 3. Nf3 {[%clk 01:30:54]  [%emt 00:00:14]
} 3... Nc6 {[%clk 01:27:31]  [%emt 00:00:36]} 4. Be2 {
[%clk 01:30:57]  [%emt 00:00:17]} 4... Bc5 {[%clk 01:27:03]  [%emt 00:01:07]}
5. O-O {[%clk 01:31:03]  [%emt 00:00:19]} 5... d5 {
[%clk 01:24:02]  [%emt 00:03:42]} 6. Nbd2 {[%clk 01:30:36]  [%emt 00:00:41]}
6... O-O {[%clk 01:23:10]  [%emt 00:01:32]} 7. Nb3 {
[%clk 01:30:20]  [%emt 00:00:42]} 7... Bb6 {[%clk 01:19:04]  [%emt 00:04:40]}
8. Bg5 {[%clk 01:30:20]  [%emt 00:00:22]} 8... dxe4 {
[%clk 01:15:34]  [%emt 00:04:08]} 9. dxe4 {[%clk 01:30:19]  [%emt 00:00:34]}
9... Qxd1 {[%clk 01:15:42]  [%emt 00:00:17]} 10. Raxd1 {
[%clk 01:30:40]  [%emt 00:00:17]} 10... Nxe4 {[%clk 01:15:51]  [%emt 00:00:14]}
11. Bc1 {[%clk 01:30:37]  [%emt 00:00:31]} 11... Be6 {
[%clk 01:10:04]  [%emt 00:06:28]} 12. Bd3 {[%clk 01:30:31]  [%emt 00:00:20]}
12... Nd6 {[%clk 01:00:40]  [%emt 00:10:05]} 13. Ng5 {
[%clk 01:30:15]  [%emt 00:00:52]} 13... Bf5 {[%clk 00:57:16]  [%emt 00:03:43]}
14. Bxf5 {[%clk 01:26:44]  [%emt 00:04:09]} 14... Nxf5 {
[%clk 00:57:29]  [%emt 00:00:41]} 15. c4 {[%clk 01:26:54]  [%emt 00:00:03]}
15... Nfd4 {[%clk 00:49:46]  [%emt 00:08:19]} 16. Nxd4 {
[%clk 01:25:35]  [%emt 00:01:19]} 16... Nxd4 {[%clk 00:48:34]  [%emt 00:02:20]}
17. Kh1 {[%clk 01:25:36]  [%emt 00:00:04]} 17... f5 {
[%clk 00:34:54]  [%emt 00:14:05]} 18. b4 {[%clk 01:25:42]  [%emt 00:00:26]}
18... c5 {[%clk 00:32:23]  [%emt 00:03:04]} 19. b5 {
[%clk 01:24:50]  [%emt 00:01:38]} 19... h6 {[%clk 00:32:26]  [%emt 00:00:06]}
20. Nh3 {[%clk 01:24:19]  [%emt 00:01:33]} 20... Bc7 {
[%clk 00:28:51]  [%emt 00:03:39]} 21. a4 {[%clk 01:24:06]  [%emt 00:00:30]}
21... b6 {[%clk 00:28:46]  [%emt 00:00:46]} 22. Rd3 {
[%clk 01:24:07]  [%emt 00:00:35]} 22... g5 {[%clk 00:25:22]  [%emt 00:03:51]}
23. Ba3 {[%clk 01:23:19]  [%emt 00:01:06]} 23... Rae8 {
[%clk 00:24:44]  [%emt 00:01:18]} 24. a5 {[%clk 01:22:41]  [%emt 00:00:57]}
24... e4 {[%clk 00:23:20]  [%emt 00:02:23]} 25. Rc3 {
[%clk 01:20:41]  [%emt 00:02:01]} 25... Be5 {[%clk 00:21:53]  [%emt 00:02:04]}
26. f4 {[%clk 01:20:02]  [%emt 00:00:41]} 26... gxf4 {
[%clk 00:21:17]  [%emt 00:01:38]} 27. Nxf4 {[%clk 01:20:16]  [%emt 00:00:05]}
27... Bxf4 {[%clk 00:21:47]} 28. Rxf4 {[%clk 01:20:09]  [%emt 00:00:44]} 28...
Ne2 {[%clk 00:22:15]  [%emt 00:00:18]} 29. Rg3+ {
[%clk 01:20:02]  [%emt 00:00:09]} 29... Nxg3+ {[%clk 00:22:26]  [%emt 00:00:27]
} 30. hxg3 {[%clk 01:20:22]  [%emt 00:00:14]} 30... e3 {
[%clk 00:21:20]  [%emt 00:01:31]} 31. Rf1 {[%clk 01:20:23]  [%emt 00:00:25]}
31... e2 {[%clk 00:20:54]  [%emt 00:01:01]} 32. Re1 {
[%clk 01:20:29]  [%emt 00:00:23]} 32... f4 {[%clk 00:21:20]  [%emt 00:00:30]}
33. gxf4 {[%clk 01:20:18]  [%emt 00:00:08]} 33... Rxf4 {
[%clk 00:21:43]  [%emt 00:00:18]} 34. Kg1 {[%clk 01:20:35]  [%emt 00:00:08]}
34... Rxc4 {[%clk 00:20:45]  [%emt 00:01:28]} 35. axb6 {
[%clk 01:19:09]  [%emt 00:01:49]} 35... axb6 {[%clk 00:21:13]  [%emt 00:00:42]}
36. Kf2 {[%emt 00:00:08]} 36... Rc2 {[%clk 00:18:11]  [%emt 00:02:54]} 37. Bc1
{[%clk 01:19:28]  [%emt 00:00:30]} 37... Kg7 {[%clk 00:15:51]  [%emt 00:03:00]}
38. Be3 {[%clk 01:18:57]  [%emt 00:00:38]} 38... Kg6 {
[%clk 00:15:52]  [%emt 00:00:52]} 39. Rxe2 {[%clk 01:19:00]  [%emt 00:00:29]}
39... Rxe2+ {[%clk 00:16:21]} 40. Kxe2 {[%clk 01:19:19]  [%emt 00:00:12]} 40...
Kf5 {[%clk 00:15:46]  [%emt 00:01:36]} 41. Kf3 {
[%clk 01:18:59]  [%emt 00:00:17]} 41... Rxe3+ {[%clk 00:16:07]  [%emt 00:00:16]
} 42. Kxe3 {[%clk 01:19:08]  [%emt 00:00:08]} 42... h5 {
[%clk 00:16:35]  [%emt 00:00:35]} 43. Kd3 {[%clk 01:19:01]} 43... Kf4 {
[%clk 00:16:13]  [%emt 00:00:58]} 44. Kc4 {[%clk 01:19:15]  [%emt 00:00:37]}
44... Ke4 {[%clk 00:13:13]  [%emt 00:03:11]} 45. g3 {
[%clk 01:19:10]  [%emt 00:00:30]} 0-1

[Event "V Open Escacs Xàtiva"]
[Site "Xàtiva, Spain"]
[Date "2019.07.19"]
[Round "7.17"]
[White "Albuixech Sanz, Jorge"]
[Black "Kocharyan Baghdasaryan, Arman"]
[Result "0-1"]
[WhiteElo "1781"]
[BlackElo "1620"]
[PlyCount "72"]
[EventDate "2019.??.??"]

1. e4 {[%clk 01:30:50]  [%emt 00:00:11]} 1... c5 {
[%clk 01:30:52]  [%emt 00:00:45]} 2. Nf3 {[%clk 01:31:14]} 2... Nc6 {
[%clk 01:31:13]} 3. d4 {[%clk 01:31:39]} 3... cxd4 {[%clk 01:31:36]} 4. Nxd4 {
[%clk 01:32:04]  [%emt 00:00:03]} 4... e5 {[%clk 01:31:57]  [%emt 00:00:03]} 5.
Nb5 {[%clk 01:32:12]  [%emt 00:00:20]} 5... a6 {
[%clk 01:32:11]  [%emt 00:00:22]} 6. Nd6+ {[%clk 01:32:16]  [%emt 00:00:23]}
6... Bxd6 {[%clk 01:32:31]  [%emt 00:00:24]} 7. Qxd6 {[%clk 01:32:41]} 7... Qe7
{[%clk 01:32:53]} 8. Qd1 {[%clk 01:31:32]  [%emt 00:01:35]} 8... Nf6 {
[%clk 01:33:00]  [%emt 00:00:36]} 9. Nc3 {[%clk 01:31:53]  [%emt 00:00:04]}
9... d6 {[%clk 01:32:20]  [%emt 00:01:03]} 10. Nd5 {
[%clk 01:31:28]  [%emt 00:00:53]} 10... Nxd5 {[%clk 01:26:30]  [%emt 00:06:20]}
11. exd5 {[%clk 01:31:20]  [%emt 00:00:38]} 11... Nd4 {
[%clk 01:23:42]  [%emt 00:03:19]} 12. Be3 {[%clk 01:28:13]  [%emt 00:03:36]}
12... Bf5 {[%clk 01:13:54]  [%emt 00:10:17]} 13. Bd3 {
[%clk 01:20:05]  [%emt 00:08:37]} 13... e4 {[%clk 01:12:26]  [%emt 00:01:58]}
14. Bf1 {[%clk 01:18:13]  [%emt 00:02:27]} 14... Nb5 {
[%clk 01:12:22]  [%emt 00:00:38]} 15. a4 {[%clk 01:15:45]  [%emt 00:02:52]}
15... Nc7 {[%clk 01:11:31]  [%emt 00:01:18]} 16. Be2 {
[%clk 01:15:57]  [%emt 00:01:11]} 16... O-O {[%clk 01:11:01]  [%emt 00:00:06]}
17. O-O {[%clk 01:13:25]  [%emt 00:03:04]} 17... b5 {
[%clk 01:03:30]  [%emt 00:08:03]} 18. Qd2 {[%clk 01:09:12]  [%emt 00:04:42]}
18... Bd7 {[%clk 00:59:55]  [%emt 00:04:06]} 19. Bb6 {
[%clk 01:04:39]  [%emt 00:05:02]} 19... Rac8 {[%clk 00:56:28]  [%emt 00:03:58]}
20. a5 {[%clk 00:58:05]  [%emt 00:07:09]} 20... Qe5 {
[%clk 00:55:05]  [%emt 00:01:46]} 21. Rfd1 {[%clk 00:54:01]  [%emt 00:04:44]}
21... Ne8 {[%clk 00:47:22]  [%emt 00:08:45]} 22. c3 {
[%clk 00:49:06]  [%emt 00:05:14]} 22... f5 {[%clk 00:45:03]  [%emt 00:02:18]}
23. Be3 {[%clk 00:45:06]  [%emt 00:04:34]} 23... f4 {
[%clk 00:43:49]  [%emt 00:01:41]} 24. Bb6 {[%clk 00:40:24]  [%emt 00:05:08]}
24... f3 {[%clk 00:40:47]  [%emt 00:03:38]} 25. Bf1 {
[%clk 00:37:23]  [%emt 00:03:25]} 25... Qh5 {[%clk 00:14:30]  [%emt 00:26:47]}
26. Be3 {[%clk 00:32:10]  [%emt 00:05:55]} 26... Bg4 {
[%clk 00:06:03]  [%emt 00:09:29]} 27. Bf4 {[%clk 00:30:25]  [%emt 00:01:31]}
27... fxg2 {[%clk 00:03:14]  [%emt 00:03:20]} 28. Bxg2 {
[%clk 00:29:45]  [%emt 00:01:09]} 28... Bxd1 {[%clk 00:03:29]  [%emt 00:00:16]}
29. Bxd6 {[%clk 00:28:05]  [%emt 00:02:11]} 29... Nxd6 {
[%clk 00:03:26]  [%emt 00:00:31]} 30. Rxd1 {[%clk 00:28:18]  [%emt 00:00:55]}
30... Rf5 {[%clk 00:02:50]  [%emt 00:00:31]} 31. Re1 {
[%clk 00:28:18]  [%emt 00:00:28]} 31... Rxd5 {[%clk 00:02:26]  [%emt 00:00:55]}
32. Qf4 {[%clk 00:28:08]  [%emt 00:00:41]} 32... Rd1 {
[%clk 00:02:00]  [%emt 00:00:56]} 33. Rf1 {[%clk 00:27:00]  [%emt 00:01:41]}
33... Rxf1+ {[%clk 00:01:23]  [%emt 00:01:03]} 34. Bxf1 {
[%clk 00:27:27]  [%emt 00:00:04]} 34... Qg6+ {[%clk 00:01:43]  [%emt 00:00:13]}
35. Bg2 {[%clk 00:27:33]  [%emt 00:00:40]} 35... Rf8 {
[%clk 00:02:01]  [%emt 00:00:08]} 36. Qe5 {[%clk 00:27:32]  [%emt 00:00:14]}
36... Qf6 {[%clk 00:01:36]  [%emt 00:01:02]} 0-1

[Event "V Open Escacs Xàtiva"]
[Site "Xàtiva, Spain"]
[Date "2019.07.19"]
[Round "7.18"]
[White "Ramirez Aucejo, Hector"]
[Black "Gukasov, Yuriy"]
[Result "1-0"]
[WhiteElo "1686"]
[BlackElo "1290"]
[PlyCount "71"]
[EventDate "2019.??.??"]

1. e4 {[%clk 01:30:58]  [%emt 00:00:09]} 1... d5 {
[%clk 01:30:29]  [%emt 00:00:38]} 2. exd5 {[%clk 01:31:26]} 2... Qxd5 {
[%clk 01:29:11]  [%emt 00:01:38]} 3. d4 {[%clk 01:31:21]  [%emt 00:00:36]} 3...
Nc6 {[%clk 01:29:12]  [%emt 00:00:27]} 4. Be3 {[%clk 01:28:57]  [%emt 00:02:54]
} 4... Nf6 {[%clk 01:29:12]  [%emt 00:00:29]} 5. Nc3 {
[%clk 01:28:59]  [%emt 00:00:30]} 5... Qa5 {[%clk 01:28:39]  [%emt 00:01:08]}
6. a3 {[%clk 01:27:54]  [%emt 00:01:33]} 6... Ne4 {
[%clk 01:22:00]  [%emt 00:07:15]} 7. Nge2 {[%clk 01:19:02]  [%emt 00:09:12]}
7... Nf6 {[%clk 01:17:42]  [%emt 00:04:48]} 8. d5 {
[%clk 01:14:14]  [%emt 00:05:17]} 8... Ne5 {[%clk 01:15:31]  [%emt 00:02:40]}
9. b4 {[%clk 01:13:08]  [%emt 00:01:40]} 9... Qa6 {
[%clk 01:14:06]  [%emt 00:01:53]} 10. Nd4 {[%clk 01:13:33]  [%emt 00:00:05]}
10... Qd6 {[%clk 01:11:16]  [%emt 00:03:20]} 11. Bb5+ {
[%clk 01:12:53]  [%emt 00:01:14]} 11... Ned7 {[%clk 01:09:26]  [%emt 00:02:21]}
12. Nde2 {[%clk 00:59:14]  [%emt 00:14:05]} 12... e6 {
[%clk 01:03:50]  [%emt 00:06:07]} 13. Bf4 {[%clk 00:57:34]  [%emt 00:02:06]}
13... e5 {[%clk 01:01:34]  [%emt 00:02:47]} 14. Be3 {
[%clk 00:57:55]  [%emt 00:00:15]} 14... b6 {[%clk 01:00:47]  [%emt 00:01:11]}
15. Bc6 {[%clk 00:58:18]  [%emt 00:00:11]} 15... Rb8 {
[%clk 01:01:03]  [%emt 00:00:10]} 16. Nb5 {[%clk 00:58:32]  [%emt 00:00:15]}
16... Qe7 {[%clk 00:58:02]  [%emt 00:03:34]} 17. Nxc7+ {
[%clk 00:58:17]  [%emt 00:00:43]} 17... Kd8 {[%clk 00:57:59]  [%emt 00:00:36]}
18. Nb5 {[%clk 00:56:40]  [%emt 00:02:04]} 18... a6 {
[%clk 00:51:15]  [%emt 00:07:13]} 19. Nbc3 {[%clk 00:52:35]  [%emt 00:04:37]}
19... Bb7 {[%clk 00:51:02]  [%emt 00:00:41]} 20. O-O {
[%clk 00:50:40]  [%emt 00:02:25]} 20... Qd6 {[%clk 00:49:22]  [%emt 00:02:15]}
21. b5 {[%clk 00:48:04]  [%emt 00:03:09]} 21... a5 {
[%clk 00:46:19]  [%emt 00:03:27]} 22. Ng3 {[%clk 00:46:55]  [%emt 00:01:37]}
22... g6 {[%clk 00:40:47]  [%emt 00:06:00]} 23. Bg5 {
[%clk 00:46:12]  [%emt 00:01:14]} 23... Be7 {[%clk 00:40:23]  [%emt 00:01:01]}
24. Nge4 {[%clk 00:45:53]  [%emt 00:00:42]} 24... Nxe4 {
[%clk 00:38:38]  [%emt 00:02:16]} 25. Nxe4 {[%clk 00:46:20]  [%emt 00:00:06]}
25... Qc7 {[%clk 00:37:46]  [%emt 00:01:18]} 26. d6 {
[%clk 00:45:50]  [%emt 00:01:01]} 26... Qxc6 {[%clk 00:33:06]  [%emt 00:05:10]}
27. dxe7+ {[%clk 00:45:35]  [%emt 00:00:44]} 27... Kc7 {
[%clk 00:32:22]  [%emt 00:01:12]} 28. bxc6 {[%clk 00:45:57]  [%emt 00:00:13]}
28... Bxc6 {[%clk 00:32:26]  [%emt 00:00:28]} 29. Qd6+ {
[%clk 00:46:09]  [%emt 00:00:13]} 29... Kb7 {[%clk 00:31:32]  [%emt 00:01:24]}
30. Rab1 {[%clk 00:45:38]  [%emt 00:01:06]} 30... Bxe4 {
[%clk 00:30:29]  [%emt 00:01:32]} 31. Qxd7+ {[%clk 00:45:56]  [%emt 00:00:09]}
31... Ka6 {[%clk 00:30:32]  [%emt 00:00:27]} 32. Be3 {
[%clk 00:45:15]  [%emt 00:01:18]} 32... Rhc8 {[%emt 00:03:01]} 33. Qb5+ {
[%emt 00:00:26]} 33... Ka7 {[%clk 00:23:32]  [%emt 00:03:56]} 34. Bxb6+ {
[%clk 00:45:40]  [%emt 00:00:04]} 34... Kb7 {[%clk 00:23:32]  [%emt 00:00:35]}
35. Bd8+ {[%clk 00:45:46]  [%emt 00:00:23]} 35... Ka7 {
[%clk 00:23:26]  [%emt 00:00:32]} 36. Qxa5# {[%clk 00:46:12]  [%emt 00:00:07]}
1-0

[Event "V Open Escacs Xàtiva"]
[Site "Xàtiva, Spain"]
[Date "2019.07.20"]
[Round "8.1"]
[White "Gomar Juan, Miguel"]
[Black "Cruz Lledo, Pablo"]
[Result "0-1"]
[WhiteElo "1779"]
[BlackElo "2442"]
[PlyCount "74"]
[EventDate "2019.??.??"]

1. d4 {[%clk 01:30:55]  [%emt 00:00:05]} 1... d5 {
[%clk 01:19:38]  [%emt 00:11:22]} 2. c4 {[%clk 01:31:17]  [%emt 00:00:08]} 2...
e6 {[%clk 01:20:05]  [%emt 00:00:03]} 3. Nf3 {[%clk 01:31:31]  [%emt 00:00:16]}
3... Nd7 {[%clk 01:14:51]  [%emt 00:05:44]} 4. Nc3 {
[%clk 01:31:02]  [%emt 00:00:59]} 4... c6 {[%clk 01:14:45]  [%emt 00:00:36]} 5.
e4 {[%clk 01:28:53]  [%emt 00:02:39]} 5... dxe4 {
[%clk 01:14:59]  [%emt 00:00:16]} 6. Nxe4 {[%clk 01:29:07]  [%emt 00:00:16]}
6... Ngf6 {[%clk 01:15:21]  [%emt 00:00:08]} 7. Nc3 {
[%clk 01:24:58]  [%emt 00:04:39]} 7... Bd6 {[%clk 01:15:15]  [%emt 00:00:36]}
8. Bd3 {[%clk 01:22:04]  [%emt 00:03:25]} 8... O-O {
[%clk 01:14:22]  [%emt 00:01:23]} 9. O-O {[%clk 01:22:02]  [%emt 00:00:32]}
9... e5 {[%clk 01:14:28]  [%emt 00:00:25]} 10. Qc2 {
[%clk 01:18:11]  [%emt 00:04:21]} 10... exd4 {[%clk 01:14:16]  [%emt 00:00:42]}
11. Ne4 {[%clk 01:13:37]  [%emt 00:05:03]} 11... Nxe4 {
[%clk 01:13:28]  [%emt 00:01:18]} 12. Bxe4 {[%clk 01:13:48]  [%emt 00:00:19]}
12... Nf6 {[%clk 01:13:22]  [%emt 00:00:37]} 13. Bg5 {
[%clk 01:12:46]  [%emt 00:01:31]} 13... h6 {[%clk 01:13:42]  [%emt 00:00:10]}
14. c5 {[%clk 01:08:50]  [%emt 00:04:27]} 14... Bxh2+ {
[%clk 01:09:27]  [%emt 00:04:45]} 15. Kxh2 {[%clk 01:08:22]  [%emt 00:00:57]}
15... hxg5 {[%clk 01:09:52]  [%emt 00:00:05]} 16. Rh1 {
[%clk 01:05:52]  [%emt 00:03:00]} 16... Nxe4 {[%clk 01:05:31]  [%emt 00:04:51]}
17. Qxe4 {[%clk 01:06:09]  [%emt 00:00:13]} 17... Qf6 {
[%clk 01:05:01]  [%emt 00:01:00]} 18. Nxd4 {[%clk 01:04:00]  [%emt 00:02:40]}
18... Qxf2 {[%clk 01:03:17]  [%emt 00:02:13]} 19. Nf3 {
[%clk 00:58:37]  [%emt 00:05:52]} 19... g4 {[%clk 01:03:15]  [%emt 00:00:33]}
20. Rhf1 {[%clk 00:57:09]  [%emt 00:01:58]} 20... g3+ {
[%clk 00:59:27]  [%emt 00:04:18]} 21. Kh1 {[%clk 00:57:28]  [%emt 00:00:10]}
21... Qxc5 {[%clk 00:59:28]  [%emt 00:00:29]} 22. Qf4 {
[%clk 00:53:20]  [%emt 00:04:38]} 22... Qh5+ {[%clk 00:58:06]  [%emt 00:01:51]}
23. Kg1 {[%clk 00:52:03]  [%emt 00:01:48]} 23... Bg4 {
[%clk 00:58:26]  [%emt 00:00:10]} 24. Qxg3 {[%clk 00:52:06]  [%emt 00:00:27]}
24... Bxf3 {[%clk 00:58:50]  [%emt 00:00:07]} 25. Rxf3 {
[%clk 00:52:09]  [%emt 00:00:27]} 25... Rae8 {[%clk 00:58:54]  [%emt 00:00:26]}
26. Raf1 {[%clk 00:51:24]  [%emt 00:01:14]} 26... Qc5+ {
[%clk 00:59:12]  [%emt 00:00:12]} 27. Kh1 {[%clk 00:50:54]  [%emt 00:01:00]}
27... Re6 {[%clk 00:59:08]  [%emt 00:00:35]} 28. Rf6 {
[%clk 00:48:40]  [%emt 00:02:45]} 28... Rfe8 {[%clk 00:56:11]  [%emt 00:03:26]}
29. R6f2 {[%clk 00:43:07]  [%emt 00:06:02]} 29... Rh6+ {
[%clk 00:55:57]  [%emt 00:00:45]} 30. Kg1 {[%clk 00:43:02]  [%emt 00:00:35]}
30... Rf6 {[%clk 00:54:48]  [%emt 00:01:39]} 31. Kh1 {
[%clk 00:42:22]  [%emt 00:01:11]} 31... Rxf2 {[%clk 00:55:03]  [%emt 00:00:14]}
32. Rxf2 {[%clk 00:41:22]  [%emt 00:01:30]} 32... Qh5+ {
[%clk 00:55:04]  [%emt 00:00:30]} 33. Kg1 {[%clk 00:40:32]  [%emt 00:01:19]}
33... Re1+ {[%clk 00:55:18]  [%emt 00:00:15]} 34. Rf1 {
[%clk 00:40:53]  [%emt 00:00:10]} 34... Qc5+ {[%clk 00:55:35]  [%emt 00:00:14]}
35. Qf2 {[%clk 00:41:08]  [%emt 00:00:14]} 35... Rxf1+ {
[%clk 00:55:48]  [%emt 00:00:17]} 36. Kxf1 {[%clk 00:41:30]  [%emt 00:00:09]}
36... Qc1+ {[%clk 00:56:02]  [%emt 00:00:15]} 37. Qe1 {
[%clk 00:41:46]  [%emt 00:00:14]} 37... Qxe1+ {[%clk 00:56:17]  [%emt 00:00:15]
} 0-1